000 00801cam a2200253 i 4500
001 4652262
003 OSt
005 20230606114201.0
008 790816s1979 fr b i000 0 eng
010 _a 79314132
015 _aF***
020 _a9231015958
040 _aDLC
_cDLC
_dDLC
082 0 0 _a351
_bGRO
100 1 _aGrolier, Éric de.
245 1 4 _aThe organization of information systems for government and public administration /
_cÉric de Grolier.
260 _aParis :
_bUnesco,
_cc1979.
300 _a163 p. ;
_c21 cm.
440 0 _aDocumentation, libraries, and archives.
_pStudies and research ;
_v8
504 _aIncludes bibliographical references.
650 0 _aPublic administration
_xData processing.
906 _a7
_bcbc
_corignew
_d3
_encip
_f19
_gy-gencatlg
942 _2ddc
_cBK
999 _c621
_d621